| 000 | 00493nam a2200181Ia 4500 | ||
|---|---|---|---|
| 005 | 20250625103349.0 | ||
| 008 | 008 250516s9999 xx 000 0 eng d | ||
| 020 | _a9781682853108 | ||
| 040 |
_beng _cSDCL |
||
| 041 |
_aeng _2eng |
||
| 084 | _aC52 Q6 | ||
| 245 | 0 | _aElectromagnetic Fields and Biological Systems | |
| 260 |
_aNew York : _bWillford Press, _c2016. |
||
| 300 | _aviii, 274p. | ||
| 650 | _aElectronic Science | ||
| 700 |
_aWilson, Edgar Ed. _9810267 |
||
| 942 |
_cTEXL _2CC |
||
| 999 |
_c1430709 _d1430709 |
||